000 00488pab a2200193 454500
008 180718b2004 xxu||||| |||| 00| 0 eng d
100 _aMohanty, Tapan R.
245 _aLaw, labour, and legitimacy: the complexion of WTO
260 _c2004
300 _ap.83-92.
362 _aOct-Dec
650 _aWorld Trade Organization
650 _aLabour standards
650 _aLabour law
700 _aKamal, Gaurav
700 _aKhan, Adil Hasan
773 _aVikalpa
909 _a63730
999 _c63730
_d63730